000 00628nam a2200205Ia 4500
005 20250923144725.0
008 008 250917s9999 xx 000 0 eng d
037 _aTextual
040 _aDSWL
_beng
_cDSWL
041 _aeng
_2eng
084 _aYX;1-m7.26;6-L1.73, N57
_qDSWL
100 _aAnderson, Odin W.
_9827763
245 0 _aVoluntary health insurance in tow cities
_cby Odin W. Anderson
260 _aCambridge
_b Harvard University Press
_c1957
300 _axiii,145p.
365 _aUSD
_b5
925 _g5
942 _cTEXL
_hYX;1-m7.26;6-L1.73, N57
999 _c1442515
_d1442515